Statistics for Biggest Cities in Central America

Click here to take the quiz!

General Stats

  • This quiz has been taken 23 times
  • The average score is 10 of 20

Answer Stats

CountryPopulationCity% Correct
Guatemala1.331.000Guatemala City
100%
Nicaragua1.039.000Managua
100%
Guatemala495.000Mixco
100%
Panama463.000Panama City
100%
Panama355.000San Miguelito
100%
El Salvador1.116.000San Salvador
100%
Honduras189.000Jutigalpa
95%
Costa Rica334.000San José
89%
Honduras1.190.000Tegucigalpa
89%
Honduras742.000San Pedro Sula
58%
Honduras204.000La Ceiba
21%
Guatemala237.000San Juan
Sacatepéquez
16%
El Salvador205.000León
11%
El Salvador258.000San Miguel
11%
El Salvador269.000Santa Ana
11%
Honduras243.000Choloma
5%
El Salvador280.000Soyapango
5%
Guatemala565.000Villa Nueva
5%
Guatemala212.000Cobán
0%
Honduras310.000El Progreso
0%

Score Distribution

Percentile by Number Answered

Percent of People with Each Score

Your Score History

You have not taken this quiz